Регионална библиотека "Любен Каравелов" - Русе

Гаврил Генов (Запис номер 504753)

MARC детайли
000 -Лидер
Лидер 01337aaa a2200289 a 4500
003 - Код на организацията, давaща контролен номер
Код на организацията, даваща контролен номер BLK
005 - Дата и час на последна редакция
Дата и час на последна редакция 20240227095208.0
007 - Фиксирано поле за физическо описани
Физическо описание ta
008 - Елементи от данни с фиксирана дължина
Елементи с фиксирана дължина 221104b bu |||||r|||| 00| | bu d
040 ## - Източник на каталожния запис
Код на библиотеката BLK
041 ## - Код за език
Език Български
Език за КДБФ Български
080 ## - УДК
УДК текст История на България
УДК код 94(497.2)
УДК – определител (092)
УДК – код + определител 94(497.2)(092)
080 ## - УДК
УДК текст Гаврил Генов Димитров. Деец на българското и международното работническо и комунистическо движение
УДК код 929 Генов, Гаврил
УДК – код + определител 929 Генов, Гаврил
100 ## - Редна дума - Автор
R(LIN) 366723
Автор Николов, Александър
245 ## - Сведения за заглавието
Заглавие Гаврил Генов
Авторска отговорност Александър Николов
300 ## - Физическа характеристика
Брой страници Т. 5, с. 325-340
520 ## - Забележка за наличие на резюме, анотация и т.н
Анотация, рецензия Деец на БКП. Пълната форма на името е Гаврил Генов Димитров.
600 #0 - Име на лице, използвано като предмет
9 (RLIN) 491136
За него / За нея Генов, Гаврил
653 ## - Ключова дума – ненормативна
9 (RLIN) 183803
Ключови думи Гаврил Генов
653 ## - Ключова дума – ненормативна
9 (RLIN) 182329
Ключови думи борци против фашизма
653 ## - Ключова дума – ненормативна
9 (RLIN) 181990
Ключови думи биографии
653 ## - Ключова дума – ненормативна
9 (RLIN) 182091
Ключови думи БКП
773 0# - Описание на основна библиографска единица при аналитични записи (многотомни)
Заглавие на източника Бележити българи
Място на издаване, издател и година София Воен. изд. 1967 -
Контролен номер на записа 60857
Информация за връзката . //
856 ## - Електронен адрес и достъп
Инструкция (цена за достъп) 0.00
Права за достъп disable
942 ## - АРТИКУЛИ
Източник на класификационната схема Universal Decimal Classification
Вид на библиотечния документ Статия
Скрит в OPAC Не
944 ## - СЪЗДАВАНЕ И РЕДАКЦИЯ на ЗАПИСА
Създаване/Редакция
Дата на регистрацията/редакция Вася Ганчева
Служител, извършил регистрацията/редакцията 30549
Номер на служител Вася Ганчева
999 ## - СИСТЕМНИ КОНТРОЛНИ НОМЕРА
Koha biblionumber 504753
Koha biblioitemnumber 504753

Няма налични копия.

Vip Innovations Ltd, Rousse, Bulgaria 2025